000 00376pam a2200157a 44500
008 230515b2008 xxu||||| |||| 00| 0 eng d
020 _aNULL
041 _aENGLISH
082 _aN
100 _aALLAN B
245 _aBUILDING WITH COGO ON THE COMMODORE 64 CREATIVEASE OF THE LOGO LANGAUGE
250 _a0
260 _aNULL
_bN/A
_c2008
300 _a156
650 _aNULL
999 _c650982
_d650982